000 00338nam a2200145 4500
999 _c9545
_d9545
003 OSt
005 20210702125701.0
008 210702b ||||| |||| 00| 0 eng d
020 _a9789881668851
082 _a741.6
100 _aMo Tingli and Li Jiong
245 _a Way of the sign III
260 _bArtpower
_cNov 16, 2013
942 _2ddc